000 00664nam a22001937a 4500
999 _c173329
_d173329
005 20200221152627.0
010 _aB-123233
020 _c80.00
035 _aB-123233
037 _bBPPD/Pub.
082 _aک
100 _aسعادت حسن منٹو
245 _aخوشیا:
_bکولیات منٹو-افسانے، جلد 6 /
_cسعادت حسن منٹو
246 _aKhushya (Kulliyat-e-Manto-Afsane, vol.6) /
_bby Saadat Hasan Manto ; edited by Humayun Ashraf
260 _aDelhi
_bEducational Publishing House
_c2005 ء
270 _a3108, Vakil Street, Kucha Pandit, Lal Kuan
_bDelhi
_e6
300 _a124p.
_c21cm(Hb)
942 _2ddc
_cUR
_hک
_mم ن ٹ